000 00384nam a22001217a 4500
008 230602b xxu||||| |||| 00| 0 eng d
020 _a9789966290055
082 _a328.07155
_bCPST
245 _acapacity building For legislative Staff
_bthe facilitator;s guide
_cA manual for the centre for parliamentary studies and training
260 _aNairobi, kenya
300 _a87p
942 _2ddc
_cBK
999 _c81
_d81